| 000 | 00809nam a2200205 i 4500 | ||
|---|---|---|---|
| 001 | 85983 | ||
| 003 | ES-MaACL | ||
| 005 | 20230906175342.0 | ||
| 007 | t| | ||
| 008 | 041203s1947 ag ||||1| spa d | ||
| 100 | 1 |
_aKemmerer, Edwin Walter. _967802 |
|
| 245 | 1 | 0 |
_aOro y patrón oro _b: historia de la moneda oro / _cEdwin Walter Kemmerer ; traducción de Manuel Serra Moret. |
| 260 |
_aBuenos Aires : _bEditorial Sudamericana, _c[1947] ( _fCompañía Impresora Argentina) |
||
| 300 |
_a261 p. ; _c22 cm. |
||
| 490 | 1 | _aBiblioteca de orientación económica. Problemas económicos del presente | |
| 700 | 1 |
_aSerra i Moret, Manuel. _9105637 |
|
| 830 | 0 |
_aBiblioteca de orientación económica. Problemas económicos del presente _9231736 |
|
| 852 |
_aES-MaACL _jF-5201 _bR.26709 |
||
| 999 |
_c85983 _d85983 |
||